000 00881cam a2200313 4500
008 090401t1997 xxu||||| |||| 00| 0 eng d
020 _a0854068252
035 _a(Sirsi) u77120
041 _aeng
050 _a346.4104343
110 _aRoyal Institution of Chartered Surveyors
_94900
245 _aLegal notebook for commercial property surveyors.
260 _aLondon
_bRICS
_c1997
300 _aviii,280p. ; 21cm.
350 _a17.5
650 _aALIENATION
650 _aBREAK CLAUSES
650 _aCOMMERCIAL LEASES
650 _aPROPERTY-COMMERCIAL PROPERTY
650 _aKEEP OPEN CLAUSES
650 _aLANDLORD AND TENANT ACT 1954
650 _aLEASE RENEWALS
650 _aPRIVITY OF CONTRACT
650 _aRENT REVIEWS
690 _aLANDLORD AND TENANT-BUSINESS TENANCIES
700 _aBibring, Michael A.
942 _n0
948 _c17/03/1997
999 _c96280
_d96280